书目信息 |
| 题名: |
明代御批案
|
|
| 作者: | 柏桦, 著 | |
| 分册: | ||
| 出版信息: | 北京 中国民主法制出版社 2020.01 |
|
| 页数: | 601页 | |
| 开本: | 24cm | |
| 丛书名: | ||
| 单 册: | ||
| 中图分类: | K248.06 | |
| 科图分类: | ||
| 主题词: | 明代--ming dai--古代史--史料 | |
| 电子资源: | ||
| ISBN: | 978-7-5162-2134-1 | |
| 000 | 00917nam0 2200241 450 | |
| 001 | CAL 0120192928143 | |
| 005 | 20230217093112.0 | |
| 010 | @a978-7-5162-2134-1@dCNY90.00 | |
| 100 | @a20191225d2020 em y0chiy0120 ea | |
| 101 | 0 | @achi |
| 102 | @aCN@b110000 | |
| 105 | @ay z 000yy | |
| 106 | @ar | |
| 200 | 1 | @a明代御批案@Aming dai yu pi an@f柏桦著 |
| 210 | @a北京@c中国民主法制出版社@d2020.01 | |
| 215 | @a601页@d24cm | |
| 314 | @a柏桦, 男, 北京市人, 1953年生, 法学硕士, 历史学博士, 现任南开大学法学院、周恩来政府管理学院双聘教授, 博士生导师。 | |
| 330 | @a本书内容包括: 有贤妻必有贤官 ; 善恶同源必有服 ; 不为身家只为民 ; 狠心杀子无人道 ; 兄弟同气不为仇 ; 何人不是父母生 ; 蛇蝎之人不可留 ; 欲人怜已须怜人 ; 守门军官越职权等。 | |
| 606 | 0 | @a明代@Aming dai@x古代史@x史料 |
| 690 | @aK248.06@v5 | |
| 701 | 0 | @a柏桦,@Abai hua@f1953-@4著 |
| 801 | 0 | @aCN@bBJXHZP@c20230228 |
| 905 | @b1387502-5@dK248.06@e188@f4 | |
| 明代御批案/柏桦著.-北京:中国民主法制出版社,2020.01 |
| 601页;24cm |
| ISBN 978-7-5162-2134-1:CNY90.00 |
| 本书内容包括: 有贤妻必有贤官 ; 善恶同源必有服 ; 不为身家只为民 ; 狠心杀子无人道 ; 兄弟同气不为仇 ; 何人不是父母生 ; 蛇蝎之人不可留 ; 欲人怜已须怜人 ; 守门军官越职权等。 |
| ● |
| 相关链接 |
|
|
|
|
正题名:明代御批案
索取号:K248.06/188
 
预约/预借
| 序号 | 登录号 | 条形码 | 馆藏地/架位号 | 状态 | 备注 |
| 1 | 1387502 | 213875029 | 第二样本阅览室/ [索取号:K248.06/188] | 在馆 | |
| 2 | 1387503 | 213875038 | 第二借阅区/ [索取号:K248.06/188] | 在馆 | |
| 3 | 1387504 | 213875047 | 第二借阅区/ [索取号:K248.06/188] | 在馆 | |
| 4 | 1387505 | 213875056 | 第二借阅区/ [索取号:K248.06/188] | 在馆 |